000 00553nam a2200193Ia 4500
005 20250508151104.0
008 008 250505s9999 xx 000 0 eng d
037 _aTextual
040 _aFEDL
_beng
_cFEDL
041 _aeng
_2eng
084 _a301.155, HAI
_qFEDL
100 _aHaiman Franklyn S.
_9118191
245 0 _aGroup leadership and democratic action
260 _aBoston, USA
_bHoughton Mifflin Company
_c1951
300 _avii,309p.
650 _aSociology
942 _cTEXL
_h301.155, HAI
999 _c1327517
_d1327517